Statistics for Скоростное написание А-Я

Click here to take the quiz!

General Stats

  • This quiz has been taken 57 565 times
  • The average score is 18 of 33

Answer Stats

Буква% Correct
А
97%
В
92%
Г
91%
Б
90%
Д
87%
Е
87%
З
77%
Ж
76%
К
74%
И
69%
Й
67%
Л
67%
Н
66%
Р
60%
О
60%
М
59%
П
58%
Ё
57%
У
55%
С
51%
Т
49%
Ц
46%
Ф
44%
Х
42%
Ш
35%
Щ
34%
Ч
31%
Ы
25%
Э
23%
Я
23%
Ь
21%
Ю
18%
Ъ
16%

Score Distribution

Percentile by Number Answered

Percent of People with Each Score

Your Score History

You have not taken this quiz